000 01455nam a2200433 i 4500
001 24765
003 KOSZ 005
005 20210415092354.0
008 980702s1996 pl a f |001 0 pol
015 _aPB 1996/16323
020 _a8301115173
035 _a(OCoLC)830124294
040 _aWA N
_cWA N
_dKOSZ 005/HR
041 1 _apol
_hger
046 _k1990
080 _a336.7
100 1 _aGlogowski, Erhard.
_eAutor
245 1 0 _aNowe usługi finansowe /
_cErhard Glogowski, Manfred Münch ; przekł. [z niem.] Teodor Ładyka.
246 1 _iTyt. oryg.:
_aNeue Finanzdienstleistungen,
_f1990.
260 _aWarszawa :
_bWydaw. Naukowe PWN,
_c1996
_e(Wroc. :
_fWDN).
300 _a405, [2] s. :
_bwykr. ;
_c24 cm.
336 _2rdacontent
_aTekst
_btxt
337 _2rdamedia
_aBez urządzenia pośredniczącego
_bn
338 _2rdacarrier
_aWolumin
_bnc
380 _aKsiążki
380 _aPublikacje fachowe
388 _a1901-2000
388 _a1989-2000
504 _aIndeks.
658 _aGospodarka, ekonomia, finanse
650 4 _aBanki
650 4 _aRynek finansowy
650 4 _aUsługi finansowe
700 1 _aMünch, Manfred.
_eAutor
700 1 _aŁadyka, Teodor
_d(1926-2014).
_eTłumaczenie
710 2 _aWydawnictwo Naukowe PWN
_4pbl.
856 _uhttp://koha.tu.koszalin.pl/cgi-bin/koha/opac-detail.pl?biblionumber=24765
_yKatalog online BPK
942 _2UKD
_cKS
999 _c24765
_d24765